<?xml version="1.0" encoding="UTF-8"?>
<marc:record xmlns:marc="http://www.loc.gov/MARC21/slim">
   <marc:leader>00000nam a2200000 a 4500</marc:leader>
   <marc:datafield ind1=" " ind2=" " tag="653">
      <marc:subfield code="a">Märchen</marc:subfield>
   </marc:datafield>
   <marc:datafield ind1=" " ind2=" " tag="653">
      <marc:subfield code="a">Mut</marc:subfield>
   </marc:datafield>
   <marc:datafield ind1=" " ind2=" " tag="653">
      <marc:subfield code="a">Erwachsener</marc:subfield>
   </marc:datafield>
   <marc:datafield ind1="0" ind2="0" tag="245">
      <marc:subfield code="a">Wieviele Farben hat die Sehnsucht</marc:subfield>
   </marc:datafield>
   <marc:datafield ind1="0" ind2="0" tag="245">
      <marc:subfield code="b">e. Märchenbuch</marc:subfield>
   </marc:datafield>
   <marc:datafield ind1=" " ind2="1" tag="264">
      <marc:subfield code="b">Körner</marc:subfield>
      <marc:subfield code="c">1986</marc:subfield>
   </marc:datafield>
   <marc:datafield ind1="1" ind2=" " tag="520">
      <marc:subfield code="a">8 der insgesamt 12 hier vereinten Geschichten stammen von den beiden Herausgebern Heinz Körner und Roland Kübler, die 1983 bereits den Märchenband "Die Farben der Wirklichkeit" veröffentlichten (ID 33/84). Grundstimmung und Aussage (darunter eine Frau) sehr homogen: fast kann man von einem "Lucy-Körner-Stil" sprechen. Suche nach Lebenssinn, Frieden, Verständnis für einander dominieren in den einfachen, recht undramatischen "Märchen". Eine Lesergemeinde für diese Art Literatur ist bekanntermassen vorhanden, Büchereien können das Bändchen für sie bereithalten.</marc:subfield>
   </marc:datafield>
   <marc:datafield ind1="3" ind2=" " tag="024">
      <marc:subfield code="a">3922028128</marc:subfield>
   </marc:datafield>
</marc:record>
